Statystyki dla Young Igi - piosenki

Kliknij tutaj aby rozwiązać quiz!

Ogólne statystyki

  • Ten quiz został rozwiązany 521 razy
  • Średni wynik to 7 z 20

Statystyki odpowiedzi

WyświetleniaNazwa piosenki% Poprawnych
33 mlnBestia
88%
46 mlnMówiłaś
84%
28 mlnBuzi
63%
4,1 mlnLego
41%
9 mlnBig ben
39%
8,3 mlnNemo
38%
18 mlnDeszcz banknotów
37%
8,9 mlnKush
37%
9,8 mlnPies
33%
6,6 mlnOznaka mężczyzn
30%
12,7 mlnAudemars
28%
9,9 mlnPilot
28%
9,5 mlnInimaniminimanimo
26%
5,1 mlnGiń za mnie
25%
3 mlnFlava
21%
12,5 mlnCały świat
19%
3,1 mlnPodaj ogień mi
14%
7,9 mlnŻółwie ninja
12%
7,8 mlnPiątek
9%
3,4 mlnRick and morty
7%

Rozkład punktacji

Percentyl według liczby udzielonych odpowiedzi

Procent ludzi z każdym wynikiem

Twoja historia wyników

Nie rozwiązałeś tego quizu